Problematika konkurencieschopnosti v ekonomickej teórii bakalárska práca

Uložené v:
Podrobná bibliografia
Hlavný autor: Pribula, Daniel
Korporativný autor: Obchodná fakulta EU. Katedra medzinárodného obchodu
Ďalší autori: Sopková, Gabriela
Médium: Kniha
Jazyk:Slovak
Vydavateľské údaje: Bratislava 2018
Tagy: Pridať tag
Žiadne tagy, Buďte prvý, kto otaguje tento záznam!

MARC

LEADER 00000nbm a2200000 4500
001 0247317
005 20181219105252.2
041 0 |a slo 
044 |a SK 
245 1 0 |a Problematika konkurencieschopnosti v ekonomickej teórii  |b bakalárska práca  |c Daniel Pribula ; školiteľ: Gabriela Sopková 
264 1 |a Bratislava  |c 2018 
300 |a 45 s. 
100 1 |a Pribula, Daniel 
700 1 |a Sopková, Gabriela 
710 2 |a Obchodná fakulta EU. Katedra medzinárodného obchodu